<?xml version="1.0" encoding="UTF-8"?><?xml-stylesheet type="text/xsl" href="static/style.xsl"?><OAI-PMH xmlns="http://www.openarchives.org/OAI/2.0/" xmlns:xsi="http://www.w3.org/2001/XMLSchema-instance" xsi:schemaLocation="http://www.openarchives.org/OAI/2.0/ http://www.openarchives.org/OAI/2.0/OAI-PMH.xsd"><responseDate>2026-04-17T03:18:17Z</responseDate><request verb="GetRecord" identifier="oai:www.recercat.cat:2445/136719" metadataPrefix="marc">https://recercat.cat/oai/request</request><GetRecord><record><header><identifier>oai:recercat.cat:2445/136719</identifier><datestamp>2025-12-05T06:10:27Z</datestamp><setSpec>com_2072_1057</setSpec><setSpec>col_2072_478792</setSpec><setSpec>col_2072_478917</setSpec></header><metadata><record xmlns="http://www.loc.gov/MARC21/slim" xmlns:dcterms="http://purl.org/dc/terms/" xmlns:xsi="http://www.w3.org/2001/XMLSchema-instance" xmlns:doc="http://www.lyncode.com/xoai" xsi:schemaLocation="http://www.loc.gov/MARC21/slim http://www.loc.gov/standards/marcxml/schema/MARC21slim.xsd">
   <leader>00925njm 22002777a 4500</leader>
   <datafield ind2=" " ind1=" " tag="042">
      <subfield code="a">dc</subfield>
   </datafield>
   <datafield ind2=" " ind1=" " tag="720">
      <subfield code="a">Rossell Badia, Anna</subfield>
      <subfield code="e">author</subfield>
   </datafield>
   <datafield ind2=" " ind1=" " tag="720">
      <subfield code="a">Florensa Flix, Montserrat</subfield>
      <subfield code="e">author</subfield>
   </datafield>
   <datafield ind2=" " ind1=" " tag="260">
      <subfield code="c">2019-07-08T11:39:35Z</subfield>
   </datafield>
   <datafield ind2=" " ind1=" " tag="260">
      <subfield code="c">2019-07-08T11:39:35Z</subfield>
   </datafield>
   <datafield ind2=" " ind1=" " tag="260">
      <subfield code="c">2019-06</subfield>
   </datafield>
   <datafield ind2=" " ind1=" " tag="520">
      <subfield code="a">[spa] Los criterios de restauración han ido variando con los años. Antes la restauración tenía dos vertientes igual de importantes: la restauración de la parte material de la obra y, no menos importante, la restauración de la parte estética. Las intervenciones tenían que asemejarse lo más posible al original.&#xd;
 Actualmente estos criterios son obsoletos. Las intervenciones de restauración tienen que ser totalmente identificables para distinguirlas de la parte original y no llevar a engaño al estudioso para respetar la singularidad de cada una de sus partes. Aunque es cierto que se procura conservar todas las partes de la obra, el criterio de la conservación-restauración se basa en facilitar la funcionalidad del libro.&#xd;
 Una de las premisas más importantes del CRAI de la Universidad de Barcelona es la de facilitar la consulta a investigadores y estudiosos, por lo que se ha de procurar una funcionalidad total sin poner en riesgo la integridad física del ejemplar a la vez que procurar conservar todos los elementos de la arquitectura original del ejemplar.</subfield>
   </datafield>
   <datafield ind2=" " ind1=" " tag="520">
      <subfield code="a">[eng] The restoration criteria have been changing over the years. Before the restoration had two aspects equally important: the restoration of the material part of the work and, not least, the restoration of the aesthetic part. The interventions had to be as close as possible to the original.&#xd;
 Currently these criteria are obsolete. Restoration interventions must be fully identifiable to distinguish them from the original part and not mislead the investigator to respect the uniqueness of each of its parts. Although it is true that efforts are being made to preserve all parts of the work, the criterion of conservation-restoration is based on facilitating the functionality of the book.&#xd;
 One of the most important premises of the CRAI of the University of Barcelona is to facilitate the consultation of researchers and investigators, so it must seek full functionality without jeopardizing the physical integrity of the unit while trying to preserve all the elements of0 the original architecture of the copy.</subfield>
   </datafield>
   <datafield tag="653" ind2=" " ind1=" ">
      <subfield code="a">Patrimoni bibliogràfic</subfield>
   </datafield>
   <datafield tag="653" ind2=" " ind1=" ">
      <subfield code="a">Conservació i restauració de llibres</subfield>
   </datafield>
   <datafield tag="653" ind2=" " ind1=" ">
      <subfield code="a">Enquadernació</subfield>
   </datafield>
   <datafield tag="653" ind2=" " ind1=" ">
      <subfield code="a">Bibliographic heritage</subfield>
   </datafield>
   <datafield tag="653" ind2=" " ind1=" ">
      <subfield code="a">Books conservation and restoration</subfield>
   </datafield>
   <datafield tag="653" ind2=" " ind1=" ">
      <subfield code="a">Bookbinding</subfield>
   </datafield>
   <datafield tag="653" ind2=" " ind1=" ">
      <subfield code="a">Universitat de Barcelona. CRAI</subfield>
   </datafield>
   <datafield ind2="0" ind1="0" tag="245">
      <subfield code="a">De la restauración romántica a la restauración técnica de la encuadernación</subfield>
   </datafield>
</record></metadata></record></GetRecord></OAI-PMH>